• 首页
  • 本馆介绍
  • 公告通知
  • 最新文献
  • 馆藏检索
  • 电子资源
  • 读者导购
  • 参考咨询
  • 我的图书馆
  • 登录
  • 详细信息显示
  • 放入我的书架
  • 预约/预借图书
  • 作者相关作品
  • 分类相关作品
  • 丛书相关作品
  • 出版社相关作品

书目信息

  • 表格格式
  • 工作单格式
  • 卡片格式
题名:
水系统集成优化
    
 
作者: 冯霄 著
分册:  
出版信息: 北京   化学工业出版社  2008
页数: 306页
开本: 26cm
丛书名:
单 册:
中图分类: TU991.64
科图分类:
主题词: 节约用水--系统设计--研究 , 节约用水 , 系统设计
电子资源:
ISBN: 978-7-122-02152-6
000 01018nam0 2200265 45
005 20100303144641.37
010    @a978-7-122-02152-6@dCNY58.00
100    @a20100120d2008 em y0chiy0110 ea
101 0  @achi
102    @aCN@b110000
105    @ay z 000yy
106    @ar
200 1  @a水系统集成优化@AShui Xi Tong Ji Cheng You Hua@e节水减排的系统综合方法@EJie Shui Jian Pai De Xi Tong Zong He Fang Fa@f冯霄等著@FFeng Xiao Deng Zhu
210    @a北京@c化学工业出版社@d2008
215    @a306页@d26cm
304    @a著者还有:刘永忠、沈人杰、王黎
330    @a本书介绍了单杂质水系统基于图示法的水夹点技术和常规水网络的废水直流回用系统的数学规划方法,并给出了考虑网络结构、网络柔性及不确定性等因素时的集成策略。
517 1  @a节水减排的系统综合方法@AJie Shui Jian Pai De Xi Tong Zong He Fang Fa
606 0  @a节约用水@x系统设计@x研究
606 0  @a节约用水
606 0  @a系统设计
690    @aTU991.64@v4
701  0 @a冯霄@AFeng Xiao@4著
801  0 @aCN@bTANGWEI@c20100303
905    @b0584195-99@dTU991.64@e506@f5
    
    水系统集成优化:节水减排的系统综合方法/冯霄等著.-北京:化学工业出版社,2008
    306页;26cm
    
    
    ISBN 978-7-122-02152-6:CNY58.00
    本书介绍了单杂质水系统基于图示法的水夹点技术和常规水网络的废水直流回用系统的数学规划方法,并给出了考虑网络结构、网络柔性及不确定性等因素时的集成策略。
●
相关链接 在E读中查询图书 在五车中查询图书 在当当中查询图书 在豆瓣中查询图书


正题名:水系统集成优化     索取号:TU991.64/506         预约/预借

序号 登录号 条形码 馆藏地/架位号 状态 备注
1 0584195   205841954   第二样本阅览室/ [索取号:TU991.64/506] 在馆    
2 0584196   205841963   第三借阅区/ [索取号:TU991.64/506] 在馆    
3 0584197   205841972   第三借阅区/ [索取号:TU991.64/506] 在馆    
4 0584198   205841981   第三借阅区/ [索取号:TU991.64/506] 在馆    
5 0584199   205841990   第三借阅区/ [索取号:TU991.64/506] 在馆    
唐山师范学院图书馆 欢迎您!
大连网信软件有限公司© 版权所有